000 01029nam0a22002531 4500
001 v19\rc\1405478
005 20250618102324.0
035 _a(NLR Aleph) 004535104
090 _a1925495
_c1925495
100 _a20060512d1874 |||y0rusy50 ca
101 1 _arus
_cfre
102 _aRU
105 _aa z |||||
200 1 _aПреждевременное истощение и расслабление мужчины, происходящее от болезней половых органов и мочевых путей
_eВ 5 ч.
_eПер. с 14 послед. париж. изд., испр. и доп.
_fСоч. Эм. Жозана, д-ра мед. Париж. фак....
210 _aМосква
_cизд. кн. торговли "Комиссионер"
_d1874
215 _a[4], 544 с.
_cил.
_d21
700 1 _aЖозан
_bЭ.
_f1817-
_gЭмиль
801 0 _aRU
_bNLR
_gpsbo
801 0 _aRU
_bRuMoRGB
_2psbo
801 1 _aRU
_bProSoft-M
_2rusmarc
852 _aNLR
_j18.42.8.27
899 _aБАН
942 _cBOOK
980 _aNB